Situación archivística actual de Guatemala
Recoge información sobre el estado en que se halla la archivista en Guatemala - Hace algunas consideraciones teóricas acerca de la archivología, a la cual define como la disciplina auxiliar o funcional, de la administración y de la historia, que se refiere a la creación, historia, organización y fun...
Gorde:
| Egile nagusia: | |
|---|---|
| Formatua: | Texto |
| Argitaratua: |
Guatemala
|
| Etiketak: |
Etiketa erantsi
Etiketarik gabe, Izan zaitez lehena erregistro honi etiketa jartzen!
|
MARC
| LEADER | 00000 a a2200000 04500 | ||
|---|---|---|---|
| 001 | 20634 | ||
| 003 | |||
| 040 | |||
| 090 | |a 087200 | ||
| 100 | |a García Mainieri, Norma | ||
| 245 | |a Situación archivística actual de Guatemala | ||
| 260 | |a Guatemala | ||
| 300 | |a 74 p. | ||
| 520 | |a Recoge información sobre el estado en que se halla la archivista en Guatemala - Hace algunas consideraciones teóricas acerca de la archivología, a la cual define como la disciplina auxiliar o funcional, de la administración y de la historia, que se refiere a la creación, historia, organización y funciones de los archivos y sus fundamentos legales. Presenta los antecedentes históricos sobre el trabajo archivistico realizado en Guatemala desde la colonia. Inserta la legislación vigente referente s esta disciplina. Realiza un diagnostico entorno a la situación actual de la archivista en el país, tanto a nivel nacional como universitario. Propone la organización del sistema nacional de archivos, incluyendo la creación de la carretera respectiva en la universidad | ||
| 999 | |c 6661 |d 6661 | ||
